| 000 | 00651 a2200229 4500 | ||
|---|---|---|---|
| 999 |
_c200129320 _d31702 |
||
| 001 | 200129320 | ||
| 003 | TR-AnTOB | ||
| 005 | 20231201160051.0 | ||
| 008 | 130516b tu 000 0 | ||
| 020 | _a9789758082728 | ||
| 040 |
_aTR-AnTOB _cTR-AnTOB |
||
| 041 | _atur | ||
| 050 |
_aHF5626.T9 _bA43 2013 |
||
| 090 | _aHF5626.T9.A43 2013 | ||
| 100 |
_aAkbulut, Akın _989250 |
||
| 245 | 0 | 0 | _aTFRS'ye ilk geçiş uygulaması. |
| 264 | 1 |
_aİstanbul : _bMaliye Hesap Uzmanları Derneği, _c2013. |
|
| 300 |
_a71p; _bgrp _c13 cm |
||
| 650 | 0 |
_aFinancial statements _xStandards _989251 |
|
| 650 | 7 |
_aFinansal tablolar _xStandartlar _2etuturkob _9109127 |
|
| 942 |
_cBK _2lcc |
||